000
00308nam a22001337a 4500
008
170502b xxu||||| |||| 00| 0 eng d
020
_a
9780135154427
041
_a
eng
080
_2
9TH
_a
343
100
_a
14
101
_a
SHJ
245
_a
PROCEDURES IN THE JUSTICE SYSTEM
_c
ROBERSON, C
942
_2
udc
_c
BK
999
_c
12362
_d
12362